Library Banner

Fikar kay humrah aik safar/ (Record no. 102793)

MARC details
000 -LEADER
fixed length control field 00396nam a22001457a 4500
005 - DATE AND TIME OF LATEST TRANSACTION
control field 20180208093916.0
008 - FIXED-LENGTH DATA ELEMENTS--GENERAL INFORMATION
fixed length control field 180208b xxu||||| |||| 00| 0 eng d
040 ## - CATALOGING SOURCE
Transcribing agency PK-LaUMT
082 ## - DEWEY DECIMAL CLASSIFICATION NUMBER
Classification number PKAC 297.01
Item number AFT-F
100 ## - MAIN ENTRY--PERSONAL NAME
Personal name Aftab Ahmed Shamsi
245 ## - TITLE STATEMENT
Title Fikar kay humrah aik safar/
Statement of responsibility, etc Aftab Ahmed Shamsi
260 ## - PUBLICATION, DISTRIBUTION, ETC. (IMPRINT)
Place of publication, distribution, etc لاہور:
Name of publisher, distributor, etc مکبتہ البیان
Date of publication, distribution, etc 1989
300 ## - PHYSICAL DESCRIPTION
Extent 268
942 ## - ADDED ENTRY ELEMENTS (KOHA)
Koha item type Books
Holdings
Withdrawn status Lost status Damaged status Home library Current library Date acquired Full call number Barcode Date last seen Price effective from Koha item type
      UMT Main Campus UMT Main Campus 2018-02-08 PKAC 297.01 AFT-F 118899 2018-02-08 2018-02-08 Books